| 000 | 00468nam a2200169Ia 4500 | ||
|---|---|---|---|
| 005 | 20250923145836.0 | ||
| 008 | 008 250917s9999 xx 000 0 eng d | ||
| 037 | _aTextual | ||
| 040 |
_aDSWL _beng _cDSWL |
||
| 041 |
_aeng _2eng |
||
| 084 | _qDSWL | ||
| 245 | 0 |
_aConserving cur water resources : Standard 5 to 8 _c by For Centre Environment Education |
|
| 260 |
_aAhmedabad _b C.E.E. _c1988 |
||
| 300 | _a60p. | ||
| 942 | _cTEXL | ||
| 999 |
_c1456381 _d1456381 |
||